000 00788nam a22002537a 4500
005 20240117114118.0
008 240117b ||||| |||| 00| 0 eng d
040 _cAL
041 _aLatin
082 _223
_a878
_bSCOL
100 _aHarry Fletcher Scott and others
_9148035
245 _aLanguage Literature and Life:
_bA Foreign Language Program: Latin Book Three
260 _aChicago
_bScott Foresman and Company
_c1939
300 _a507p.
_bHB
_c23x15cm.
365 _2Latin
650 _aCicero and Catiline
_9148036
650 _aOvids Tales
_9148037
650 _aRoman Life
_9148038
650 _aLatin Miscellaneous
_9148039
700 _aSCOTT (Harry Fletcher)
_9148040
700 _aHORN (Annabel)
_9148041
700 _aGUMMERE (John Flagg)
_9148042
942 _2ddc
_cBK
999 _c229644
_d229644